Calidoscopio del aborto : (Record no. 44616)
[ view plain ]
| 000 -LEADER | |
|---|---|
| fixed length control field | 00663nam a22001817a 4500 |
| 008 - FIXED-LENGTH DATA ELEMENTS--GENERAL INFORMATION | |
| fixed length control field | 131106t mx||||| |||| 00| 0 spa d |
| 020 ## - INTERNATIONAL STANDARD BOOK NUMBER | |
| International Standard Book Number | 9789686851311 |
| 050 04 - LIBRARY OF CONGRESS CALL NUMBER | |
| Classification number | HQ767 |
| Item number | C35 2007 |
| 245 10 - TITLE STATEMENT | |
| Title | Calidoscopio del aborto : |
| Remainder of title | testimonio, cuentos, artículos periodísticos, ensayos, síntesis, reseñas de libros, investigaciones y estudios para formar opinión / |
| Statement of responsibility, etc | Julián Cruzalta ... [et al] |
| 250 ## - EDITION STATEMENT | |
| Edition statement | 1a. |
| 260 ## - PUBLICATION, DISTRIBUTION, ETC. (IMPRINT) | |
| Place of publication, distribution, etc | México : |
| Name of publisher, distributor, etc | Demac, |
| Date of publication, distribution, etc | r2007 |
| 300 ## - PHYSICAL DESCRIPTION | |
| Extent | 135 p. : |
| Dimensions | 24 cm |
| 504 ## - BIBLIOGRAPHY, ETC. NOTE | |
| Bibliography, etc | Incluye bibliografía |
| 650 #7 - SUBJECT ADDED ENTRY--TOPICAL TERM | |
| Topical term or geographic name as entry element | Aborto |
| General subdivision | Aspectos sociales |
| 700 1# - ADDED ENTRY--PERSONAL NAME | |
| Personal name | Cruzalta, Julián, colab. |
| 700 1# - ADDED ENTRY--PERSONAL NAME | |
| Personal name | Espinosa Rugarcía, Amparo |
| 942 ## - ADDED ENTRY ELEMENTS (KOHA) | |
| Source of classification or shelving scheme | Clasificación Decimal Dewey |
| Koha item type | Libro |
| Estado de pérdida | Fuente de clasificación | Estado del daño | No para préstamo | Ubicación permanente | Ubicación actual | Apartado o colección | Fecha de adquisición | Edición | Enumeración de Serie / Cronológica | Dependencia de educación superior (DES) | Área del conocimiento | Clasificación | Código de Barras | Date last seen | Número de copia | Tipo de recurso | Nota pública |
|---|---|---|---|---|---|---|---|---|---|---|---|---|---|---|---|---|---|
| Biblioteca del Cogreso de los Estados Unidos | Consulta | Biblioteca de la Facultad de Ingeniería Química | Biblioteca de la Facultad de Ingeniería Química | General | 06/11/2013 | 1a ed. | BIQO000005394 | Ingeniería y Arquitectura | Educación y Humanidades | HQ767 C35 2007 | BIQO000005394 | 18/10/2017 | C:1 | Libro | Solo lectura | ||
| Biblioteca del Cogreso de los Estados Unidos | Biblioteca de la Facultad de Ingeniería Química | Biblioteca de la Facultad de Ingeniería Química | General | 06/11/2013 | 1a ed. | BIQO000005393 | Ingeniería y Arquitectura | Educación y Humanidades | HQ767 C35 2007 | BIQO000005393 | 18/10/2017 | C:2 | Libro | Préstamo | |||
| Biblioteca del Cogreso de los Estados Unidos | Biblioteca de la Facultad de Ingeniería Química | Biblioteca de la Facultad de Ingeniería Química | General | 06/11/2013 | 1a ed. | BIQO000005392 | Ingeniería y Arquitectura | Educación y Humanidades | HQ767 C35 2007 | BIQO000005392 | 18/10/2017 | C:3 | Libro | Préstamo | |||
| Biblioteca del Cogreso de los Estados Unidos | Biblioteca de la Facultad de Ingeniería Química | Biblioteca de la Facultad de Ingeniería Química | General | 06/11/2013 | 1a ed. | BIQO000005391 | Ingeniería y Arquitectura | Ingeniería y Tecnología | HQ767 C35 2007 | BIQO000005391 | 18/10/2017 | C:4 | Libro | Solo lectura |